| 000 | 00465nam a2200169 a 4500 | ||
|---|---|---|---|
| 001 | 1191 | ||
| 005 | 20140414131848.0 | ||
| 008 | 041105s19uu xx 00 eng d | ||
| 020 | _a0-8431-3138-1 | ||
| 050 |
_aER _bAn5 1988 |
||
| 245 |
_aGetting to know animals / _cby Kelly McMahon. |
||
| 260 |
_aLos Angeles : _bPrice Stern Sloan, _c1988. |
||
| 300 | _a1 v. p. : ill. ; cm. | ||
| 440 | _aLittle Q. | ||
| 650 |
_aAnimals _xJuvenile literature. |
||
| 999 |
_c110020 _d110020 |
||